000 00944nam a2200289Ia 4500
001 Para_1257
003 CHAP
008 220125s1997 xx 000 0 und d
010 _a199965
040 _cCHAP
090 _aPA TESIS 1212
100 _aGarcía de la Cruz, Rubén
_945903
245 _aDetección de insectos plaga en el cultivo de zarzamora (Rubus sp.), en Ziracuaretiro Mich., Méx. /
_c por Rubén García de la Cruz
260 _aChapingo, Méx. :
_b El autor
300 _a74 h.
502 _aTesis (Ing. Agr. Esp. en Parasitología Agrícola), UACh. Depto. Parasitología
650 _aFitopatología
_941161
650 _aMora
_x enfermedades
_978114
710 _aUACh. Departamento Parasitología Agrícola
_9164025
901 _aPA TESIS 1212
902 _aA
905 _a0000001997 a 0000000000 00
910 _a1997
942 _cPARA
942 _cPARA
_d1
999 _c199965
_d199965